Every Airport Code by First Two Letters - AB - Statistics

General Stats
  • This quiz has been taken 5 times
  • The average score is 9 of 26
Answer Stats
Code Country Answer % Correct
ABR ๐Ÿ‡บ๐Ÿ‡ธ Aberdeen
80%
ABZ ๐Ÿด๓ ง๓ ข๓ ณ๓ ฃ๓ ด๓ ฟ Aberdeen
80%
ABI ๐Ÿ‡บ๐Ÿ‡ธ Abilene
80%
ABV ๐Ÿ‡ณ๐Ÿ‡ฌ Abuja
80%
ABQ ๐Ÿ‡บ๐Ÿ‡ธ Albuquerque
60%
ABJ ๐Ÿ‡จ๐Ÿ‡ฎ Abidjan
40%
ABS ๐Ÿ‡ช๐Ÿ‡ฌ Abu Simbel
40%
ABY ๐Ÿ‡บ๐Ÿ‡ธ Albany
40%
ABE ๐Ÿ‡บ๐Ÿ‡ธ Allentown
40%
ABD ๐Ÿ‡ฎ๐Ÿ‡ท Abadan
20%
ABF ๐Ÿ‡ฐ๐Ÿ‡ฎ Abaiang
20%
ABA ๐Ÿ‡ท๐Ÿ‡บ Abakan
20%
ABW ๐Ÿ‡ต๐Ÿ‡ฌ Abau
20%
ABG ๐Ÿ‡ฆ๐Ÿ‡บ Abingdon Downs
20%
ABO ๐Ÿ‡จ๐Ÿ‡ฎ Aboisso
20%
ABC ๐Ÿ‡ช๐Ÿ‡ธ Albacete
20%
ABT ๐Ÿ‡ธ๐Ÿ‡ฆ Al-Baha
20%
ABX ๐Ÿ‡ฆ๐Ÿ‡บ Albury
20%
ABH ๐Ÿ‡ฆ๐Ÿ‡บ Alpha
20%
ABL ๐Ÿ‡บ๐Ÿ‡ธ Ambler
20%
ABB ๐Ÿ‡ณ๐Ÿ‡ฌ Asaba
20%
ABU ๐Ÿ‡ฎ๐Ÿ‡ฉ Atambua
20%
ABP ๐Ÿ‡ต๐Ÿ‡ฌ Atkamba
20%
ABM ๐Ÿ‡ฆ๐Ÿ‡บ Bamaga
20%
ABK ๐Ÿ‡ช๐Ÿ‡น Kebri Dahar
20%
ABN ๐Ÿ‡ธ๐Ÿ‡ท Abina
0%
No matching quizzes found
Score Distribution
Percent of People with Each Score
Percentile by Number Answered
Your Score History
You have not taken this quiz